000
00220nam a22000857a 4500
008
160915b xxu||||| |||| 00| 0 eng d
100
_9
529
_a
Gupta.R.G
245
_a
Mathematics.R.G
260
_a
New Delhi
_b
APC. Publications
_c
2011
999
_c
3186
_d
3186